| 000 | 00438 a2200157 4500 | ||
|---|---|---|---|
| 999 |
_c8590 _d8590 |
||
| 020 | _a094998177 | ||
| 050 | _aPL 8745 MAR 1996 | ||
| 100 |
_aMarivate C. T. D _eauthor |
||
| 245 |
_aMMBWA YA LA INWE A I NONI _bNtanga 2 _cC .T. D Marivate |
||
| 264 |
_aBraamfontein : _bSasavona publishers, _c1996 |
||
| 300 | _a83p.: | ||
| 500 | _alTsonga langauge. | ||
| 650 | _aTsonga | ||
| 700 |
_aD. I Mathumba _eauthor |
||
| 942 |
_2lcc _cBK _h8745 _iMAR _kPL |
||